Statistics for Harry Potter Teachers and Their Classes

Click here to take the quiz!

General Stats

  • This quiz has been taken 1,019 times
  • The average score is 18 of 23

Answer Stats

Hint Answer % Correct
ClassPotions
97%
ClassHerbology
95%
ClassTransfiguration
93%
ClassCharms
91%
ClassDivination
88%
SnapeSeverus
86%
ClassCare of Magical Creatures
86%
McgonagallMinerva
86%
HagridRubeus
83%
LupinRemus
83%
LockhartGilderoy
79%
UmbridgeDolores
79%
FlitwickFilius
78%
TrelawneySybill
78%
SlughornHorace
78%
MoodyAlastor
78%
ClassMuggle Studies
75%
ClassDefense Against the Dark Arts
73%
ClassAstronomy
69%
BurbageCharity
67%
SproutPomona
65%
QuirrelQuirinus
57%
SinistraAurora
40%

Score Distribution

Percentile by Number Answered

Percent of People with Each Score

Your Score History

You have not taken this quiz